| 000 | 00490nam a22001817a 4500 | ||
|---|---|---|---|
| 005 | 20240902134850.0 | ||
| 008 | 240902b |||||||| |||| 00| 0 eng d | ||
| 020 | _a978-93-90612-72-7 | ||
| 041 | _aeng | ||
| 082 | _a615.1 STO | ||
| 100 |
_aSTOCKTON, SHELLY J. _98498 |
||
| 245 | _aSOUTH ASIAN EDITION OF STOKLOSA AND ANSEL,S PHARMACEUTICAL CALCULATION'S | ||
| 250 | _a16TH ED. | ||
| 260 |
_aNEW DELHI _bWOLTERS KLUWER _c2022 |
||
| 300 | _a461;P | ||
| 650 |
_aBMLT _98487 |
||
| 942 | _cBK | ||
| 999 |
_c8631 _d8629 |
||